First 100 Words of Harry Potter and the Philosopher's Stone - Statistics

General Stats
  • This quiz has been taken 302 times
  • The average score is 45 of 100
Answer Stats
Answer % Correct
a
95%
the
89%
and
84%
Dursley,
79%
Dursley
79%
Drive,
76%
Privet
74%
Mr
72%
four,
70%
Mrs
70%
were
70%
of
68%
was
68%
He
65%
he
65%
number
65%
thin
63%
They
61%
they
61%
normal,
59%
you
58%
in
55%
so
53%
to
52%
very
52%
be
50%
thank
48%
much.
47%
much
47%
people
44%
neck,
43%
perfectly
43%
she
43%
man
42%
had
40%
or
36%
with
33%
any
31%
her
31%
drills.
29%
strange
29%
which
29%
big,
28%
last
28%
Grunnings,
27%
large
27%
did
26%
as
25%
made
25%
called
24%
involved
24%
expect
23%
firm
23%
you'd
23%
have
22%
anything
21%
director
21%
hardly
19%
blonde
18%
didn't
18%
garden
18%
mustache.
18%
time
18%
amount
17%
because
17%
such
17%
came
16%
over
16%
twice
16%
useful
16%
usual
16%
nonsense.
15%
beefy
14%
just
14%
craning
13%
mysterious,
13%
spent
13%
hold
10%
nearly
9%
although
8%
No matching quizzes found
Score Distribution
Percent of People with Each Score
Percentile by Number Answered
Your Score History
You have not taken this quiz